The Millennium Meltdown (Record no. 933)

MARC details
000 -LEADER
fixed length control field 00358nam a22001457a 4500
003 - CONTROL NUMBER IDENTIFIER
control field OSt
005 - DATE AND TIME OF LATEST TRANSACTION
control field 20160727222417.0
008 - FIXED-LENGTH DATA ELEMENTS--GENERAL INFORMATION
fixed length control field 160625b xxu||||| |||| 00| 0 eng d
040 ## - CATALOGING SOURCE
Transcribing agency TEST
100 ## - MAIN ENTRY--PERSONAL NAME
9 (RLIN) 1152
Personal name Jeffrey, G.R
245 ## - TITLE STATEMENT
Title The Millennium Meltdown
260 ## - PUBLICATION, DISTRIBUTION, ETC. (IMPRINT)
Place of publication, distribution, etc. TORONTO
Name of publisher, distributor, etc. FRONTIER REASEACH
Date of publication, distribution, etc. 1998
300 ## - PHYSICAL DESCRIPTION
Extent The Millennium Meltdown
942 ## - ADDED ENTRY ELEMENTS (KOHA)
Source of classification or shelving scheme Dewey Decimal Classification
Koha item type BOOK
Holdings
Withdrawn status Lost status Source of classification or shelving scheme Damaged status Not for loan Home library Current library Shelving location Date acquired Total Checkouts Full call number Barcode Date last seen Price effective from Koha item type
    Dewey Decimal Classification     Good Samaritan School Library Good Samaritan School Library   06/25/2016   80 JEF1613 06/25/2016 06/25/2016 BOOK

Powered by Koha